Nový európsky finančný dohľad

Prebiehajúca finančná kríza odhalila vo finančnom dohľade závažné nedostatky. Tieto nedostatky boli odhalené v spolupráci, koordinácii, konzistentnosti a dôvere medzi vnútroštátnymi orgánmi dohľadu. V novembri 2008 Komisia poverila skupinu, ktorej predsedal Jacques de Larosiere, aby navrhla odporúča...

ver descrição completa

Na minha lista:
Detalhes bibliográficos
Autor principal: Kaššovič, Ján
Formato: Capítulo de Livro
Idioma:eslovaco
Assuntos:
Tags: Adicionar Tag
Sem tags, seja o primeiro a adicionar uma tag!

MARC

LEADER 00000nla$a2200000$$$4500
001 0109010
005 20231121082143.3
041 0 |a slo 
044 |a SK 
245 1 0 |a Nový európsky finančný dohľad  |c Ján Kaššovič 
520 |a Prebiehajúca finančná kríza odhalila vo finančnom dohľade závažné nedostatky. Tieto nedostatky boli odhalené v spolupráci, koordinácii, konzistentnosti a dôvere medzi vnútroštátnymi orgánmi dohľadu. V novembri 2008 Komisia poverila skupinu, ktorej predsedal Jacques de Larosiere, aby navrhla odporúčania o tom, ako posilniť európske mechanizmy dohľadu tak, aby nimi boli lepšie chránení európski občania a aby sa obnovila dôvera vo finančný systém. Nový rámec dohľadu pre EÚ. 
610 2 0 |a kríza finančná 
610 2 0 |a Európska únia 
610 2 0 |a riziko finančné 
610 2 0 |a politika finančná 
610 2 0 |a dohľad bankový 
100 1 |a Kaššovič, Ján